| 000 -LEADER |
| fixed length control field |
00678nam a22001697a 4500 |
| 020 ## - INTERNATIONAL STANDARD BOOK NUMBER |
| ISBN |
9786214482900 |
| 082 ## - DEWEY DECIMAL CLASSIFICATION NUMBER |
| Classification number |
398.2 |
| Item number |
Y25 2023 |
| 100 ## - MAIN ENTRY--AUTHOR NAME |
| Personal name |
Yapan, Alvin B., author. |
| 245 ## - TITLE STATEMENT |
| Title |
Ang bisa ng pag-uulit sa katutubong panitikan / Alvin B. Yapan. |
| 260 ## - PUBLICATION, DISTRIBUTION, ETC. (IMPRINT) |
| Place of publication |
Quezon City : |
| Name of publisher |
Ateneo de Manila University Press, |
| Year of publication |
©2023. |
| 300 ## - PHYSICAL DESCRIPTION |
| Number of Pages |
309 pages : |
| Other physical details |
illustrations ; 23 cm. |
| 500 ## - GENERAL NOTE |
| General note |
Includes bibliographical references and index. |
| 650 ## - SUBJECT ADDED ENTRY--TOPICAL TERM |
| Topical Term |
Philippine folk literature -- Criticism and interpretation. |
| 650 ## - SUBJECT ADDED ENTRY--TOPICAL TERM |
| Topical Term |
Epic literature, Philippine -- Criticism and interpretation. |
| 650 ## - SUBJECT ADDED ENTRY--TOPICAL TERM |
| Topical Term |
Repetition (Literary technique) in literature -- Philippines. |
| 942 ## - ADDED ENTRY ELEMENTS (KOHA) |
| Koha item type |
Books |